000 00456pab a2200169 454500
008 180718b2008 xxu||||| |||| 00| 0 eng d
100 _aMargolis, Maxine L.
245 _aSeptember 11th and transnationalism: the case of Brazilian immigrants in the united states
260 _c2008
300 _ap.1-11.
362 _aSpring
650 _aImmigrants - Brazil
650 _aImmigrants
773 _aHuman Organization
908 _aN
909 _a77958
999 _c77958
_d77958